[Event "SWZ-chT"]
[Site "SWZ"]
[Date "1995.??.??"]
[Round "5"]
[White "Toth, Bela"]
[Black "Erismann, Peter"]
[Result "1-0"]
[WhiteElo "2400"]
[BlackElo "2235"]

1.d4 d5 2.c4 dxc4 3.Nf3 a6 4.e3 b5 5.a4 Bb7 6.b3 e6 7.bxc4 bxc4 8.Bxc4 Nd7
9.O-O Ngf6 10.Qe2 Be7 11.Bb2 O-O 12.Nbd2 c5 13.Rfc1 cxd4 14.Nxd4 Nc5 15.N2b3 Nxb3
16.Bxb3 Qb8 17.Ba2 Rc8 18.h3 Rxc1+ 19.Rxc1 Qd6 20.Bb3 Qb6 21.Bc2 Rc8 22.Rb1 Qc7
23.Bd3 Ra8 24.Qd1 Bd5 25.Ba1 Qa5 26.Qc2 h6 27.Nc6 Bxc6 28.Qxc6 Qd5 29.Qc2 Qc5
30.Qb3 Kf8 31.Bd4 Qd5 32.Bc4 Qc6 33.Be2 Rc8 34.Bf3 Nd5 35.g3 Bf6 36.Bxf6 gxf6
37.Kg2 Kg7 38.a5 Qc5 39.Qb7 Qc6 40.Bxd5 exd5 41.Qxc6 Rxc6 42.Rb6 Re6 43.Kf3 Kf8
44.Rb7 Re7 45.Rb8+ Re8 46.Rxe8+ Kxe8 47.Kf4 Kd7 48.Kf5 Kc6 49.g4 Kb5 50.h4 Kxa5
51.Kxf6 d4 52.exd4 Kb4 53.g5 hxg5 54.h5  1-0

[Event "Tivat op"]
[Site "Tivat"]
[Date "1995.??.??"]
[Round "4"]
[White "Damljanovic, Branko"]
[Black "Marjanovic, Slavoljub"]
[Result "0-1"]
[WhiteElo "2575"]
[BlackElo "2425"]

1.d4 d5 2.c4 dxc4 3.Nf3 a6 4.e3 Bg4 5.Bxc4 e6 6.h3 Bh5 7.g4 Bg6 8.h4 h5 9.g5 Nd7
10.Nc3 Bd6 11.e4 b5 12.Bd3 Ne7 13.a4 b4 14.Ne2 c5 15.Be3 c4 16.Bb1 a5 17.O-O Rc8
18.Ne1 Bb8 19.Ng2 Qc7 20.Bf4 e5 21.Bg3 Qb7 22.f3 O-O 23.d5 Nc5 24.Kh2 f5
25.gxf6 Rxf6 26.Ne3 Qa6 27.Ba2 b3 28.Bb1 Ba7 29.Ng2 Nd7 30.Nc3 Bd4 31.Qe2 Bxc3
32.bxc3 Qd6 33.Ne3 Nb6 34.Qb2 Be8 35.Qa3 Qxa3 36.Rxa3 Ng6 37.Nf5 Bd7 38.Rg1 Kf7
39.f4 exf4 40.Bf2 Re8 41.Nd4 Ne5 42.Rg5 Nxa4 43.Rxe5 Rxe5 44.Nf3 Re8 45.Bd4 Rd6
46.Kg1 Kg8 47.Nd2 Rg6+ 48.Kf2 Rg3 49.e5 Nxc3 50.e6 Bxe6 51.dxe6 Nxb1 52.Nxb1 Rd3
53.Bc3 Rxe6 54.Rxa5 f3 55.Ra8+ Kh7 56.Ra7 Re2+ 57.Kg3 f2+ 58.Kg2 Rd1  0-1

[Event "Travemuende op"]
[Site "Travemuende"]
[Date "1995.??.??"]
[Round "5"]
[White "Chuchelov, Vladimir"]
[Black "Szymczak, Zbigniew"]
[Result "1/2-1/2"]
[WhiteElo "2530"]
[BlackElo "2355"]

1.d4 d5 2.c4 dxc4 3.Nf3 a6 4.e3 Nf6 5.Bxc4 e6 6.O-O c5 7.Qe2 b5 8.Bb3 Bb7
9.a4 Nbd7 10.axb5 axb5 11.Rxa8 Qxa8 12.Nc3 b4 13.Nb5 Qb8 14.e4 cxd4 15.Nbxd4 Be7
16.Rd1 Nxe4 17.Bxe6 fxe6 18.Nxe6 Ndf6 19.Qb5+ Kf7 20.Qc4 Bd5 21.Neg5+ Nxg5
22.Nxg5+ Ke8 23.Rxd5 Nxd5 24.Qc6+ Kf8 25.Qxd5 Bxg5 26.Bxg5 Qa7 27.g3 Qf7
28.Qc5+ Kg8 29.Qc8+ Qf8 30.Qc4+ Qf7 31.Qxb4 h6 32.Be3 Kh7 33.Qe4+ Qg6 34.Qb4 Rd8  1/2-1/2

[Event "Velden op"]
[Site "Velden"]
[Date "1995.??.??"]
[Round "8"]
[White "Eingorn, Vereslav S"]
[Black "Suetin, Alexey S"]
[Result "1-0"]
[WhiteElo "2600"]
[BlackElo "2445"]

1.d4 d5 2.c4 dxc4 3.Nf3 a6 4.e3 Nf6 5.Bxc4 e6 6.O-O c5 7.Bd3 Nbd7 8.Qe2 b6
9.Rd1 Bb7 10.a4 Be7 11.Bd2 O-O 12.Na3 Qb8 13.Nc4 cxd4 14.exd4 Bd5 15.Ne3 Bb7
16.Nf1 Rd8 17.Ne5 Nf8 18.Bf4 Nd5 19.Bg3 Qa7 20.Ne3 Ng6 21.Nxd5 Bxd5 22.Rac1 Nxe5
23.Bxe5 Bd6 24.Rc3 Bxe5 25.Qxe5 Rac8 26.Rdc1 Rxc3 27.Rxc3 Qd7 28.Rc7 Qxa4
29.Bxh7+ Kf8 30.h3 Qe8 31.Bd3 Rc8 32.Qd6+ Kg8 33.Qxb6 Rxc7 34.Qxc7 g6 35.Bxa6 Qa4
36.Bf1 Qxd4 37.Qc3 Qd1 38.b4 Qb1 39.b5 Be4 40.h4 Bd5 41.f3 e5 42.Qd3 Qa2
43.b6 Qa8 44.Be2 Qa5 45.Kf1 Kf8 46.Qe3 Bb7 47.Kf2 Qb4 48.g4 Qd6 49.Bd3 f5
50.Qh6+ Ke8 51.Qh8+ Kd7 52.Qg7+ Kc8 53.Qg8+ Kd7 54.Qf7+ Kc6 55.Qc7+ Qxc7
56.bxc7 e4 57.h5 gxh5 58.gxh5 exd3 59.h6  1-0

[Event "LTU-ch"]
[Site "Vilnius"]
[Date "1995.??.??"]
[Round "3"]
[White "Linauskas, Dainius"]
[Black "Grabliauskas, Virginijus"]
[Result "1/2-1/2"]
[WhiteElo "2320"]
[BlackElo "2410"]

1.d4 d5 2.c4 dxc4 3.Nf3 a6 4.e3 Nf6 5.Bxc4 e6 6.O-O c5 7.Bd3 Nbd7 8.Nc3 b6
9.Qe2 Bb7 10.Rd1 Qb8 11.h3 Bd6 12.Ng5 O-O 13.Nge4 Be7 14.dxc5 Nxc5 15.Nxc5 Bxc5
16.Bd2 Qe5  1/2-1/2

[Event "Yalta op (Women)"]
[Site "Yalta"]
[Date "1995.??.??"]
[Round "?"]
[White "Gubernatorova, L."]
[Black "Salakhova, Gulnar"]
[Result "1-0"]
[WhiteElo "2145"]
[BlackElo "2240"]

1.d4 d5 2.c4 dxc4 3.Nf3 a6 4.e4 b5 5.a4 Bb7 6.b3 Bxe4 7.Nc3 Bb7 8.axb5 axb5
9.Rxa8 Bxa8 10.bxc4 e6 11.Nxb5 Bb4+ 12.Bd2 Bxf3 13.gxf3 Bxd2+ 14.Qxd2 c6
15.Nc3 Ne7 16.Be2 O-O 17.O-O Ng6 18.Kh1 Qh4 19.Qe3 Nf4 20.Rg1 f5 21.Qe5 Qh6
22.d5 exd5 23.cxd5 cxd5 24.Nxd5 Nxe2 25.Qxe2 Nc6 26.Nc7 Kh8 27.Qe6 Qxe6 28.Nxe6 Rg8
29.f4 h6 30.Rc1 Nd8 31.Nd4 g6 32.Rc7 Re8 33.Rc8 Kg7 34.Rxd8 Rxd8 35.Ne6+ Kf6
36.Nxd8 g5 37.fxg5+ hxg5 38.Kg2 g4 39.Kg3 Kg5 40.Ne6+ Kf6 41.Nf4 Kg5 42.Ng2  1-0

[Event "Zalakaros op"]
[Site "Zalakaros"]
[Date "1995.??.??"]
[Round "3"]
[White "Vigh, Bela"]
[Black "Varga, Zoltan"]
[Result "0-1"]
[WhiteElo "2370"]
[BlackElo "2460"]

1.d4 d5 2.c4 dxc4 3.Nf3 a6 4.e3 Nf6 5.Bxc4 b5 6.Bb3 e6 7.O-O Bb7 8.Nc3 c5
9.Qe2 Nbd7 10.Rd1 Qb6 11.Ne5 Rd8 12.a4 b4 13.Nc4 Qc7 14.Nb1 Be7 15.Nbd2 O-O
16.Bc2 e5 17.Nf1 exd4 18.exd4 Rfe8 19.Be3 Nd5 20.Rac1 Bf6 21.Qg4 cxd4 22.Bxd4 Nf4
23.Ng3 h5 24.Qf5 g6 25.Qa5 Qc6 26.Ne3 Bxd4 27.Rxd4 Rxe3 28.Qxd8+ Nf8 29.f3 Rxf3
30.Re4 Rxg3 31.hxg3 Qc5+ 32.Kh2 Bxe4 33.gxf4 Bxc2 34.Qd2 b3 35.Re1 Ne6 36.Re5 Qc6
37.g3 Qxa4 38.Qd6 Qc4  0-1

[Event "Zaragoza op-A"]
[Site "Zaragoza"]
[Date "1995.??.??"]
[Round "5"]
[White "Khenkin, Igor"]
[Black "Lalic, Bogdan"]
[Result "0-1"]
[WhiteElo "2530"]
[BlackElo "2590"]

1.d4 d5 2.Nf3 c5 3.c4 dxc4 4.d5 e6 5.Nc3 exd5 6.Qxd5 Qxd5 7.Nxd5 Bd6 8.Nd2 Nc6
9.Nxc4 Bb8 10.g3 Nge7 11.Nxe7 Kxe7 12.Bg2 Nd4 13.Ne3 Re8 14.b4 cxb4 15.Rb1 Bd6
16.Bb2 Nf5 17.Bxb7 Rb8 18.Bxc8 Nxe3 19.fxe3 Rexc8 20.Bxg7 f6 21.O-O Be5 22.Rfc1 Rxc1+
23.Rxc1 Bc3 24.Kf2 Rb5 25.h4 a5 26.g4 Kf7 27.Bh6 a4 28.e4 a3 29.Be3 b3 30.Rxc3 b2
31.Rc7+ Ke8 32.Rc1 bxc1=Q 33.Bxc1 Rb2 34.Ke3 Rxa2 35.Kd3 Ra1 36.Kc2 a2 37.Bb2 Rf1  0-1

[Event "Zaragoza op-A"]
[Site "Zaragoza"]
[Date "1995.??.??"]
[Round "9"]
[White "Hillarp Persson, Tiger"]
[Black "Garcia Palermo, Carlos"]
[Result "1-0"]
[WhiteElo "2395"]
[BlackElo "2490"]

1.d4 d5 2.c4 dxc4 3.Nf3 a6 4.e4 b5 5.a4 Bb7 6.Nc3 c6 7.Be2 e6 8.O-O Nf6 9.Bg5 h6
10.Bxf6 gxf6 11.d5 Bb4 12.dxe6 Qxd1 13.exf7+ Kxf7 14.Rfxd1 h5 15.e5 Re8 16.Ne4 fxe5
17.Nd6+ Bxd6 18.Rxd6 Bc8 19.Ng5+ Ke7 20.Rh6 Rg8 21.Rh7+ Kf6 22.Ne4+ Kg6 23.Rxh5 Be6
24.Rxe5 Bd5 25.Ra3 Bxe4 26.Rxe4 Nd7  1-0

[Event "Zlin"]
[Site "Zlin"]
[Date "1995.??.??"]
[Round "?"]
[White "Babula, Vlastimil"]
[Black "Vaulin, Alexander"]
[Result "1/2-1/2"]
[WhiteElo "2530"]
[BlackElo "2490"]

1.d4 d5 2.c4 dxc4 3.Nf3 c5 4.d5 e6 5.Nc3 exd5 6.Qxd5 Qxd5 7.Nxd5 Na6 8.e4 Ne7
9.Bxc4 Nxd5 10.exd5 Bd6 11.O-O O-O 12.Bxa6 bxa6 13.Nd2 Rd8 14.Nc4 Bf8 15.Rd1 Be6
16.Ne3 Bd7 17.Bd2 Re8 18.Rac1 Re4 19.b3 Rd4 20.Ba5 Re8 21.Bc7 g6 22.Nc4 f6
23.Kf1 Bf5 24.Rxd4 cxd4 25.d6 Bd3+ 26.Kg1 Bf5 27.h3 Re2 28.a4 Kf7 29.Rd1 d3
30.g4 Bd7 31.Rxd3 Bh6 32.Bb8 Bf4 33.Bxa7 Ke6 34.Kf1 Rc2 35.Be3 Be5 36.f4 Ba1
37.Bf2 Rc1+ 38.Ke2 Rc2+ 39.Kf3 Bc6+ 40.Kg3 Kd7 41.Re3 Rc3 42.f5 gxf5 43.gxf5 Rxe3+
44.Bxe3 Be4 45.Kg4  1/2-1/2

[Event "AZE-ch"]
[Site "Baku"]
[Date "1996.??.??"]
[Round "?"]
[White "Sideif Sade, Fikret I"]
[Black "Gouliev, Namig"]
[Result "1/2-1/2"]
[WhiteElo "2425"]
[BlackElo "2395"]

1.d4 d5 2.c4 dxc4 3.Nf3 c5 4.e3 cxd4 5.exd4 Nf6 6.Bxc4 e6 7.O-O Be7 8.Qe2 Nbd7
9.Nc3 O-O 10.Bg5 Nb6 11.Bb3 Bd7 12.Ne5 Nfd5 13.Nxd5 Bxg5 14.Nxb6 axb6 15.Qc4 Bc6
16.Nxc6 bxc6 17.Qxc6 Qxd4 18.Rad1 Qxb2 19.Qxb6 Rad8 20.g3 Bf6 21.Kg2 Bd4
22.Qb4 e5 23.Rd2 Qc3 24.Qxc3 Bxc3 25.Rc2 Bd4 26.Rc7 Rd6 27.Rfc1 Rf6 28.R1c2 g6
29.a4 Kg7 30.Rd7 Rb8 31.Bd5 Rb1 32.Ra2  1/2-1/2

[Event "Balatonalm di op"]
[Site "Balaton"]
[Date "1996.??.??"]
[Round "1"]
[White "Papp, Zsolt"]
[Black "Izsak, Gyula"]
[Result "1/2-1/2"]
[WhiteElo "2135"]
[BlackElo "2435"]

1.d4 d5 2.c4 dxc4 3.Nf3 a6 4.g3 b5 5.Bg2 Bb7 6.a4 e6 7.O-O Nf6 8.b3 cxb3
9.axb5 axb5 10.Rxa8 Bxa8 11.Qxb3 b4 12.Bf4 Bd6 13.Bxd6 Qxd6 14.Nbd2 O-O 15.Rb1 Bxf3
16.Nxf3 Nc6 17.e3 Ne4 18.Ra1 f5 19.Bf1 Ne7 20.Ra6 c6 21.Bc4 Nd5 22.Bxd5 Qxd5
23.Qxd5 cxd5 24.Rb6 Rc8 25.Ne5 h6 26.Nc6 Kh8 27.Nxb4 Rc4 28.Kg2 Ng5 29.h4 Ne4
30.Kf3 g5 31.hxg5 hxg5 32.Rb7 Kg8 33.g4 f4 34.Nd3 fxe3 35.Kxe3 Rc2 36.Rb8+ Kg7
37.Rb7+ Kf8 38.Rb2 Rc3 39.f3 Nd6 40.Kd2 Ra3 41.Ne5 Nc4+ 42.Nxc4 dxc4 43.Ke2 Ke7
44.Rc2 Ra4 45.Ke3 Kd6 46.Ke4 Rb4 47.Rc3 Kc6 48.f4 gxf4 49.g5 Kd6 50.g6 Ke7
51.Ke5 Ra4 52.g7 Ra5+ 53.Kxf4 Rf5+ 54.Ke4 Rg5  1/2-1/2

[Event "Balatonbereny"]
[Site "Balatonbereny"]
[Date "1996.??.??"]
[Round "2"]
[White "Romanishin, Oleg M"]
[Black "Kallai, Gabor"]
[Result "1/2-1/2"]
[WhiteElo "2590"]
[BlackElo "2495"]

1.d4 d5 2.c4 dxc4 3.Nf3 c5 4.e3 cxd4 5.Bxc4 Qc7 6.Bb3 dxe3 7.Bxe3 e6 8.O-O Nf6
9.Nc3 a6 10.Na4 Nc6 11.Bb6 Qb8 12.Rc1 Be7 13.Re1 O-O 14.h3 Re8 15.Ne5 Bd6
16.Nxc6 bxc6 17.Bc5 Bxc5 18.Nxc5 a5 19.Ba4 Qc7 20.Qf3 Nd5 21.Nd3 Bb7 22.Ne5 Ra6
23.Nd3 Raa8  1/2-1/2

[Event "Balatonbereny op"]
[Site "Balatonbereny"]
[Date "1996.??.??"]
[Round "6"]
[White "Domotor, Jozsef"]
[Black "Weteschnik, Martin"]
[Result "0-1"]
[WhiteElo "2120"]
[BlackElo "2020"]

1.d4 d5 2.Nf3 c5 3.c4 dxc4 4.e3 e6 5.Bxc4 Nf6 6.Nc3 a6 7.O-O b5 8.Bd3 Bb7
9.dxc5 Bxc5 10.Qe2 O-O 11.e4 Nbd7 12.Bg5 Qb6 13.a3 h6 14.Bh4 Rac8 15.Rac1 Ng4
16.Bg3 Bd6 17.Bxd6 Qxd6 18.Rfd1 Qe7 19.Bb1 Nge5 20.Nxe5 Nxe5 21.Ba2 Qg5 22.g3 Qe7
23.f4 Qc5+ 24.Kg2 Nc4 25.Bxc4 Qxc4 26.Kf2 Qc5+ 27.Qe3 Qh5 28.Kg1 Qg6 29.Qd4 Rc4
30.Qb6 Bxe4 31.Qxa6 Ba8 32.Qd6 Qg4 33.Qd3 Rxf4 34.Rf1 Qh3 35.Qe2 Rd4 36.Nxb5 Rd3
37.Rc3 Rfd8 38.Rxd3 Rxd3 39.Re1 Re3  0-1

[Event "Balatonbereny op"]
[Site "Balatonbereny"]
[Date "1996.??.??"]
[Round "8"]
[White "Ezsol, Miklos"]
[Black "Izsak, Gyula"]
[Result "1/2-1/2"]
[WhiteElo "2325"]
[BlackElo "2435"]

1.d4 d5 2.c4 dxc4 3.Nf3 a6 4.e3 Nf6 5.Bxc4 e6 6.a4 c5 7.O-O Nc6 8.Nc3 Be7
9.dxc5 Bxc5 10.Qe2 O-O 11.h3 h6 12.Rd1 Qb6 13.e4 e5 14.Nd5 Nxd5 15.Bxd5 Nd4
16.Nxd4 Bxd4 17.Ra3 Bd7 18.a5 Bb5 19.Qg4 Qf6 20.Rf3 Be2 21.Rxf6 Bxg4 22.hxg4 gxf6
23.Bxh6 Rfd8 24.Rd3 Rac8 25.Rf3 Rd6 26.g5 Rc1+ 27.Kh2 fxg5 28.Bxf7+ Kh7 29.Bf8 Rh6+
30.Bxh6 Kxh6 31.Bd5 Rc2 32.Bxb7 Rxb2 33.Bxa6 Ra2 34.Bc8 Rxa5 35.Rf6+ Kg7
36.Rf5 Kg6 37.Kg3 Ra8 38.Be6 Ra6 39.Bf7+ Kg7 40.Bd5 Rf6 41.Rxg5+ Kh6 42.Rf5 Rxf5
43.exf5 Kg5 44.Be6 Bc5 45.Kf3 Bb6 46.g3 Ba7 47.Bc8 Bb6 48.Ke2 Bc5 49.f3 Bb6
50.g4 Bd8 51.Ke3 Bf6 52.Ke4 Bg7  1/2-1/2

[Event "Balatonbereny op"]
[Site "Balatonbereny"]
[Date "1996.??.??"]
[Round "9"]
[White "Ionescu, Constantin"]
[Black "Krizsany, Laszlo"]
[Result "1/2-1/2"]
[WhiteElo "2525"]
[BlackElo "2430"]

1.d4 d5 2.Nf3 c5 3.c4 dxc4 4.e3 cxd4 5.Bxc4 d3 6.O-O Nc6 7.Nc3 Nf6 8.Qb3 e6
9.Rd1 a6 10.Bxd3 Qc7 11.Bd2 Be7 12.Rac1 O-O 13.Ne4 Bd7 14.Bc3 Nxe4 15.Bxe4 Rfd8
16.h3 Be8 17.Bd4 Rac8 18.Bb6 Rxd1+ 19.Rxd1 Qb8 20.a3 h6  1/2-1/2

[Event "Barcelona op2"]
[Site "Barcelona"]
[Date "1996.??.??"]
[Round "?"]
[White "Palacios Perez, Manuel"]
[Black "Ridameya, Jose"]
[Result "0-1"]
[WhiteElo "2150"]
[BlackElo "2240"]

1.d4 d5 2.c4 dxc4 3.Nf3 a6 4.e3 Bg4 5.Bxc4 e6 6.O-O Nc6 7.Nc3 Nf6 8.Be2 Bd6
9.Qc2 O-O 10.Rd1 Nb4 11.Qb1 Nbd5 12.Qc2 Nb4 13.Qb3 Bf5 14.Rd2 Qe7 15.a3 Nc6
16.Qd1 Ne4 17.Nxe4 Bxe4 18.b4 Qf6 19.Bb2 Qh6 20.h3 Ne7 21.Bd3 Bxd3 22.Rxd3 Qg6
23.Qd2 Nd5 24.Rd1 c6 25.Ne5 Qh6 26.Nd7 Rfd8 27.Nc5 Rab8 28.Qc2 Qg6 29.e4 Nb6
30.Rc3 Bc7 31.Re3 Nd7 32.Nxb7 Rxb7 33.Qxc6 Ra7 34.d5 Nb8 35.Qc5 Rb7 36.d6 Bb6
37.Qe5 Nd7 38.Qc3 Bxe3  0-1

[Event "Berliner Sommer"]
[Site "Berlin"]
[Date "1996.??.??"]
[Round "7"]
[White "Aleksieva, Silvia"]
[Black "Breier, Andreas"]
[Result "1-0"]
[WhiteElo "2335"]
[BlackElo "2170"]

1.d4 d5 2.c4 dxc4 3.Nf3 c5 4.e3 e6 5.Bxc4 Nf6 6.O-O a6 7.Qe2 Nc6 8.dxc5 Bxc5
9.e4 Qc7 10.Nc3 O-O 11.Bg5 Nd7 12.Kh1 Nd4 13.Nxd4 Bxd4 14.Rac1 Qa5 15.Bd2 Qd8
16.Rfd1 Qh4 17.Be1 e5 18.Nd5 Nc5 19.f3 Qg5 20.Bb4 b5 21.Bxb5 axb5 22.Bxc5 Bxc5
23.Rxc5 Rxa2 24.Qxb5 Be6 25.Nc3 Raa8 26.Rxe5 Qe3 27.Qc5 Qf4 28.Nd5 Bxd5 29.Rexd5 h6
30.Rf5 Qb8 31.b4 Rc8 32.Qd4 Ra7 33.Rc5 Re8 34.Rd5 Kh7 35.Rd7 Rxd7 36.Qxd7  1-0

[Event "HUN-ch"]
[Site "Budapest"]
[Date "1996.??.??"]
[Round "2"]
[White "Seres, Lajos"]
[Black "Kiss, Pal"]
[Result "1/2-1/2"]
[WhiteElo "2450"]
[BlackElo "2480"]

1.d4 d5 2.c4 dxc4 3.Nf3 c5 4.d5 e6 5.Nc3 exd5 6.Qxd5 Qxd5 7.Nxd5 Bd6 8.Nd2 Ne7
9.Nxc4 Nxd5 10.Nxd6+ Ke7 11.Nxc8+ Rxc8 12.g3 Nb4 13.Bh3 Rd8  1/2-1/2

[Event "Budapest FS09 IM"]
[Site "Budapest"]
[Date "1996.??.??"]
[Round "3"]
[White "Eperjesi, Laszlo"]
[Black "Kopisch, Martin"]
[Result "1/2-1/2"]
[WhiteElo "2395"]
[BlackElo "2220"]

1.d4 d5 2.c4 dxc4 3.Nf3 c5 4.e3 cxd4 5.Bxc4 e6 6.exd4 Nf6 7.O-O Be7 8.Nc3 O-O
9.Re1 Nc6 10.a3 b6 11.Qd3 Bb7 12.Bg5 Na5 13.Ba2 h6 14.Bd2 Bxf3 15.gxf3 Nc6
16.Be3 Bd6 17.Ne4 Nxe4 18.Qxe4 Ne7 19.Kh1 Nf5 20.Rg1 Qf6 21.Rg4 g6 22.Rag1 Kh7
23.Bb1 Rad8 24.Bd2 Bc5 25.Bg5 hxg5 26.dxc5 Rd4 27.Qb7 Rxg4 28.fxg4 Nh4 29.cxb6 axb6
30.Be4 Qxf2 31.b4 Kg7 32.Qc7 Qd4 33.Bc6 Qe3 34.Rf1 Qe2 35.Rc1 Nf3 36.Qg3 Nxh2
37.Re1 Qxg4 38.Kxh2 Rh8+ 39.Kg2 Qd4 40.Qe5+ Qxe5 41.Rxe5 Rc8 42.b5 Kf6 43.Re4 Ke7
44.Ra4 Kd6 45.Ra7 f5 46.Rg7 g4 47.Rxg6 Rc7 48.Rg8 Rh7 49.Rd8+ Kc5 50.Re8 Kd6
51.a4 Ra7 52.Rd8+ Kc5 53.Re8 Kd6 54.Rd8+ Kc5 55.Re8 Kd6  1/2-1/2

[Event "Budapest FS05 GM"]
[Site "Budapest"]
[Date "1996.??.??"]
[Round "6"]
[White "Dao Thien Hai"]
[Black "Fancsy, Imre"]
[Result "1-0"]
[WhiteElo "2560"]
[BlackElo "2365"]

1.d4 d5 2.c4 dxc4 3.Nf3 a6 4.e3 Nf6 5.Bxc4 e6 6.Qe2 c5 7.dxc5 Bxc5 8.O-O Nc6
9.e4 Qc7 10.e5 Ng4 11.Bf4 f6 12.Bg3 Ngxe5 13.Nxe5 fxe5 14.Nd2 O-O 15.Rac1 Qb6
16.Bd3 Bd4 17.Qh5 g6 18.Bxg6 hxg6 19.Qxg6+ Kh8 20.Nf3 Rf5 21.Rfe1 Qb4 22.Re4 Bxf2+
23.Bxf2 Qxe4 24.Ng5 Rxg5 25.Qxe4 Rg7 26.Bh4 Rf7 27.Qg6 Rf5 28.Bf6+ Rxf6 29.Qxf6+ Kg8
30.Rc3  1-0

[Event "Budapest FS07 GM"]
[Site "Budapest"]
[Date "1996.??.??"]
[Round "7"]
[White "Zifroni, Dov"]
[Black "Varga, Zoltan"]
[Result "1-0"]
[WhiteElo "2490"]
[BlackElo "2450"]

1.Nf3 d5 2.d4 a6 3.c4 dxc4 4.e3 Nf6 5.Bxc4 e6 6.O-O c5 7.Bb3 cxd4 8.exd4 Be7
9.Nc3 b5 10.Bg5 O-O 11.Qe2 Bb7 12.Rad1 b4 13.d5 bxc3 14.dxe6 Qc7 15.exf7+ Kh8
16.Nd4 c2 17.Rd3 Bd6 18.Bxf6 gxf6 19.Rc1 Bxh2+ 20.Kf1 Nc6 21.Qxc2 Nxd4 22.Rxd4 Qxc2
23.Rxc2 Be5 24.Rg4 h5 25.Rg8+ Kh7  1-0

[Event "Elekes mem"]
[Site "Budapest"]
[Date "1996.??.??"]
[Round "8"]
[White "Lorincz, Istvan"]
[Black "Petran, Pal"]
[Result "0-1"]
[WhiteElo "2375"]
[BlackElo "2440"]

1.d4 d5 2.Nf3 c5 3.c4 dxc4 4.d5 Nf6 5.Nc3 e6 6.e4 exd5 7.exd5 Bd6 8.Bxc4 O-O
9.O-O Bg4 10.Bg5 Nbd7 11.Ne4 Be5 12.Be2 Bxf3 13.Bxf3 Qb6 14.Rb1 Rfe8 15.Nd2 Qd6
16.g3 b5 17.a4 a6 18.Nb3 Nb6 19.axb5 axb5 20.Bxf6 Bxf6 21.Nd2 Bd4 22.b4 cxb4
23.Ne4 Rxe4 24.Bxe4 Qc5 25.Qc2 Qxc2 26.Bxc2 Bc3 27.Rfd1 Nc4 28.Bb3 Nd2 29.Kg2 Kf8
30.Rxd2 Bxd2 31.Kf3 f6 32.Ke2 Bc3 33.Kd3 Ke7 34.f3 Kd6 35.Rd1 Re8 36.Rc1 g5
37.Rc2 Re1 38.Re2 Rb1 39.Re6+ Kd7 40.Bc2 Rc1 41.Re2 Rf1 42.Ke4 Be5 43.Bb3 Rb1
44.Ba2 Ra1 45.Rc2 Re1+ 46.Kd3 Bc3 47.Re2 Rd1+ 48.Ke3 Kd6 49.Bb3 Rb1 50.Ba2 Ra1
51.Kd3 Rd1+ 52.Ke4 Kc5 53.Bb3 Rb1 54.Ba2 Ra1 55.Kd3 f5 56.Bb3 Rb1 57.Ba2 Rd1+
58.Kc2 Rf1 59.Bb3 Rxf3 60.Re6 Rf2+ 61.Kd3 Rd2+ 62.Ke3 Rxd5 63.Bxd5 Kxd5 64.Rh6 b3
65.Kd3 b2 66.Kc2 Ke4 67.Rxh7 f4 68.gxf4 gxf4 69.Rf7 f3 70.h4 Ke3 71.h5 f2
72.Rf8 Be5  0-1

[Event "Budapest FS08 GM"]
[Site "Budapest"]
[Date "1996.??.??"]
[Round "13"]
[White "Szabolcsi, Janos"]
[Black "Arnold, Lothar"]
[Result "1-0"]
[WhiteElo "2425"]
[BlackElo "2375"]

1.d4 d5 2.Nf3 c5 3.c4 dxc4 4.d5 Nf6 5.Nc3 e6 6.e4 exd5 7.e5 Nfd7 8.Bg5 Be7
9.Bxe7 Qxe7 10.Nxd5 Qd8 11.Qc2 O-O 12.O-O-O Nc6 13.Bxc4 Ndxe5 14.Nxe5 Nxe5
15.Rhe1 Re8 16.Bb5 Bg4 17.f3 Qg5+ 18.f4 Bxd1 19.Rxd1 Qh6 20.Bxe8 Rxe8 21.Qe4 Kf8
22.Qe3 Nd7 23.Qa3 a6 24.g3 Qc6 25.Qd3 Kg8 26.Qf5 Nf8 27.Qg5 Qd6 28.f5 Qe5
29.h4 h6 30.Qg4 Nd7 31.Qa4 Qxf5 32.g4 b5 33.Qxa6 Qxg4 34.Qxb5 Kh7 35.a4 Re4
36.Nc3 Rd4 37.a5 Rxd1+ 38.Nxd1 Qf4+ 39.Kc2 Qh2+ 40.Kb1 Qc7 41.Nc3 Nb8 42.Nd5 Qc6
43.Qxb8 Qxd5 44.Qb5 g5 45.hxg5 hxg5 46.Qe2 Kh6 47.a6 g4 48.a7 Qb7 49.Qe3+ Kg6
50.Qd3+ Kh5 51.Qh7+ Kg5 52.Qg8+ Kh4 53.a8=Q  1-0

[Event "Cannes op"]
[Site "Cannes"]
[Date "1996.??.??"]
[Round "1"]
[White "Mantovani, Renzo"]
[Black "Sermek, Drazen"]
[Result "0-1"]
[WhiteElo "2365"]
[BlackElo "2535"]

1.d4 d5 2.Nf3 c5 3.c4 dxc4 4.e3 cxd4 5.Bxc4 Qc7 6.Bb5+ Bd7 7.Nxd4 e5 8.Bxd7+ Nxd7
9.Nb5 Qc6 10.N5c3 Qxg2 11.Qd5 Qxd5 12.Nxd5 Rc8 13.Nbc3 Ngf6 14.Bd2 Nxd5 15.Nxd5 Nb6
16.Nxb6 axb6 17.Bc3 f6 18.Ke2 Bc5 19.Rhd1 Ke7 20.Rg1 g6 21.Rg4 Ke6 22.Rd1 Rhd8
23.h4 Rd7 24.h5 g5 25.Rc1 Be7 26.f3 Rdc7 27.Rd1 b5 28.Rg2 b4 29.Be1 Rc2+
30.Kf1 Rxg2 31.Kxg2 Rc2+ 32.Rd2 Rxd2+ 33.Bxd2 Kd5 34.b3 e4 35.Kf2 exf3 36.Kxf3 f5
37.Be1 Bd6 38.Bd2 g4+ 39.Ke2 Ke4 40.Be1 Bc5 41.Bd2 g3 42.Be1 f4  0-1

[Event "Cannes op"]
[Site "Cannes"]
[Date "1996.??.??"]
[Round "3"]
[White "Cebalo, Miso"]
[Black "Peric, Slavisa"]
[Result "1-0"]
[WhiteElo "2495"]
[BlackElo "2325"]

1.d4 d5 2.c4 dxc4 3.Nf3 c5 4.d5 e6 5.Nc3 exd5 6.Qxd5 Qxd5 7.Nxd5 Bd6 8.e4 Nc6
9.Bxc4 Nge7 10.O-O O-O 11.Rd1 Rb8 12.Be3 b6 13.Nxe7+ Nxe7 14.Ng5 Bc7 15.Nxf7 Rxf7
16.Bf4 Be6 17.Bxe6 Bxf4 18.Rd7 Kf8 19.Rad1 Re8 20.Bxf7 Kxf7 21.Rxa7 Be5 22.b3 Bd4
23.Rb7 Kf8 24.Rxb6 Ng8 25.Kf1 Rxe4 26.Re1 Rf4 27.Re2 Nf6 28.g3 Rf5 29.Kg2 g5
30.Rb7 Ng4 31.f4 gxf4 32.gxf4 h5 33.Kf3 Rf6 34.Rh7 Be5 35.Re4 Nxh2+ 36.Kg3 Nf1+
37.Kg2 Bxf4 38.Kxf1 Be3+ 39.Ke2 Bd4 40.Kd3 Rf3+ 41.Kc4  1-0

[Event "Cannes Martinez op"]
[Site "Cannes"]
[Date "1996.??.??"]
[Round "7"]
[White "Lazarev, Vladimir"]
[Black "Afek, Yochanan"]
[Result "1-0"]
[WhiteElo "2455"]
[BlackElo "2355"]

1.d4 d5 2.c4 dxc4 3.Nf3 c5 4.d5 e6 5.Nc3 exd5 6.Qxd5 Qxd5 7.Nxd5 Na6 8.e4 Nf6
9.Nxf6+ gxf6 10.Bxc4 Nc7 11.Bf4 Be6 12.Nd2 O-O-O 13.Rc1 Rg8 14.g3 Be7 15.Ke2 Rge8
16.b4 b6 17.Bxc7 Kxc7 18.Bxe6 fxe6 19.Nb3 Kc6 20.Rc2 Rc8 21.Rhc1 Kb5 22.bxc5 Bxc5
23.Rc4 Red8 24.Nd4+ Ka6 25.Nxe6 Re8 26.Ng7 Rg8 27.Nf5 Rcd8 28.f4 Rge8 29.R1c3 Kb5
30.a4+ Ka5 31.Rb3 Rd7 32.Kf3 Rd2 33.h3 h5 34.g4 hxg4+ 35.hxg4 Rh8 36.Rb5+ Ka6
37.e5 fxe5 38.fxe5 Rf2+ 39.Kg3 Re2 40.Kf4 Bg1 41.Re4 Bh2+ 42.Kf3 Ra2 43.g5 Ra3+
44.Kg4 Ra1 45.Nh6 Rxa4 46.Rxa4+ Kxb5 47.Re4 Re8 48.e6 Bd6 49.g6 a5 50.g7 a4
51.g8=Q Rxg8+ 52.Nxg8 a3 53.e7 Bxe7 54.Nxe7 a2 55.Re1 Kc4 56.Nc8 b5 57.Nd6+ Kb3
58.Nxb5 Kb2 59.Re2+  1-0

[Event "Cannes op"]
[Site "Cannes"]
[Date "1996.??.??"]
[Round "7"]
[White "Sadler, Matthew"]
[Black "Sermek, Drazen"]
[Result "1/2-1/2"]
[WhiteElo "2600"]
[BlackElo "2535"]

1.d4 d5 2.c4 dxc4 3.Nf3 c5 4.d5 e6 5.Nc3 exd5 6.Qxd5 Qxd5 7.Nxd5 Bd6 8.Nd2 Nc6
9.Nxc4 Bb8 10.e4 Nf6 11.Be3 Nxd5 12.exd5 Nb4 13.O-O-O Nxa2+ 14.Kb1 Nb4 15.Bxc5 Bf5+
16.Ka1 Nc2+ 17.Ka2 Kd7 18.Na5 a6 19.Nc4 Bc7 20.d6 Kc6 21.Ba3 Bd8 22.Ne5+ Kb6
23.Bc4 f6 24.Nf7 Rf8 25.Rd2 Nxa3 26.Kxa3 Rc8 27.Bb3 Rc5 28.Nxd8 Rxd8 29.Re1 Bd7
30.Re7 Ra5+ 31.Kb4 Ra1 32.Bd5 a5+ 33.Kc3 Rc1+ 34.Kb3 g5 35.Be6 Bc6 36.Rxh7 Bxg2
37.Rd7 Re8 38.Re7 Rd8 39.Rd7 Rcc8 40.Re7 Rc6 41.d7 Bf3 42.Bf5 Kc7 43.Rd3 Rb6+
44.Ka3 Bc6 45.Re6 Rb4 46.Rxf6 Ra4+ 47.Kb3 Rf4 48.h3 Rxf2 49.Rdd6 Rf3+ 50.Ka2 Ba4
51.Bg4 Bb3+ 52.Kb1 Rg3 53.Kc1 a4 54.Rd4 Rg2 55.Rf1 Rc2+ 56.Kb1 Rc6 57.Rb4 Rc5
58.Rd4 b5 59.Re1 Bd5 60.Re8 Bc6 61.Re7  1/2-1/2

[Event "Cappelle op"]
[Site "Cappelle la Grande "]
[Date "1996.??.??"]
[Round "3"]
[White "Novikov, Igor A"]
[Black "Dunnington, Angus J"]
[Result "1/2-1/2"]
[WhiteElo "2590"]
[BlackElo "2450"]

1.d4 d5 2.c4 dxc4 3.Nf3 a6 4.e3 e6 5.Bxc4 Nf6 6.O-O c5 7.a4 Nc6 8.Qe2 Qc7
9.Nc3 Bd6 10.Bd2 O-O 11.h3 b6 12.d5 exd5 13.Nxd5 Nxd5 14.Bxd5 Bb7 15.Bc3 Nd4
16.Nxd4 Bxd5 17.Nf5 Bh2+ 18.Kh1 Be5 19.e4 Bxc3 20.bxc3 Be6 21.Ng3 Kh8 22.Rfb1 f5
23.exf5  1/2-1/2

[Event "Castellar op"]
[Site "?"]
[Date "1996.??.??"]
[Round "?"]
[White "Flear, Glenn C"]
[Black "Ridameya, Jose"]
[Result "1-0"]
[WhiteElo "2475"]
[BlackElo "2240"]

1.d4 d5 2.c4 dxc4 3.Nf3 a6 4.e3 Bg4 5.Bxc4 e6 6.O-O Nc6 7.Be2 Nf6 8.b3 Bd6
9.Bb2 Qe7 10.Nbd2 Rd8 11.Qc1 Ra8 12.Re1 e5 13.Nc4 Bxf3 14.Bxf3 e4 15.Be2 Bb4
16.Rd1 Nd5 17.Ne5 Nxe5 18.dxe5 c6 19.Qc2 O-O 20.a3 Ba5 21.b4 Bc7 22.Qxe4 Rae8
23.f4 Kh8 24.Bd3 f5 25.Qf3 Rd8 26.Bc4 Bb6 27.Bxd5 Rxd5 28.Rxd5 cxd5 29.Rc1 a5
30.bxa5 Bc5 31.a4 Rd8 32.Bd4  1-0

[Event "FIN-chT 9596"]
[Site "FIN"]
[Date "1996.??.??"]
[Round "3"]
[White "Vooremaa, Andres"]
[Black "Westerinen, Heikki MJ"]
[Result "1/2-1/2"]
[WhiteElo "2270"]
[BlackElo "2410"]

1.d4 d5 2.Nf3 c5 3.c4 dxc4 4.Qa4+ Bd7 5.Qxc4 cxd4 6.Nxd4 e5 7.Nf3 Nc6 8.Nc3 Be7
9.e4 Nf6 10.Be2 O-O 11.O-O Be6 12.Qa4 a6  1/2-1/2